000 00295nam a22001337a 4500
008 170414b xxu||||| |||| 00| 0 eng d
020 _a9781934898123
041 _aeng
080 _a612.39
100 _a10
101 _aSHM
245 _a111 FABULOUS FOOD FINDS
_cDOMINE, D
942 _2udc
_cBK
999 _c10731
_d10731